[Event "Dyfed Open"]
[Site "Fishguard"]
[Date "2017.02.26"]
[Round "4"]
[White "Van Kemenade, Rudy"]
[Black "Jones, Martin C"]
[Result "0-1"]
[WhiteElo "1947"]
[BlackElo "1733"]
[Annotator "Rudy"]
[PlyCount "39"]
[EventDate "2017.02.24"]
[EventType "swiss"]
[EventRounds "5"]
[EventCountry "WLS"]

1. f4 e5 2. e4 Bc5 3. Nf3 d6 4. c3 Nf6 5. d4 exd4 6. cxd4 Bb6 (6... Bb4+ 7. Bd2
Bxd2+ 8. Nbxd2 O-O {less frequent}) 7. Nc3 O-O 8. Bd3 (8. e5 {main line} dxe5
9. fxe5 Nd5 10. Bg5 Nxc3 11. bxc3 Qd5 12. Bd3) (8. Be2 {looks better than text}
) 8... Bg4 (8... Nc6 {more frequent}) 9. e5 (9. Be3 Nc6 10. Bc2 Re8 11. O-O
Bxf3 12. gxf3 Na5 13. Qd3 $14 {Zaitsev-Sosulin,Pervomaisky op 2016,1/2-1/2})
9... Re8 (9... dxe5 10. dxe5 Bxf3 (10... Nc6 $15) 11. Qxf3 Nfd7 12. Be3 Bxe3
13. Qxe3 {Aubrecht-Skvaril, Ricany op 2014, draw agreed}) 10. Ne2 (10. Kf1 {
Nelson-Van Zyl Smit, GB ch Swansea 1995,0-1}) (10. Be3 dxe5 11. fxe5 Nc6 12.
Kf1 (12. Ne2 Bxf3 13. gxf3 Nxe5 14. dxe5 Bxe3 15. exf6 Qxf6 16. Qb3 Rad8 $19 {
Borgiani-Loncar, Imperia op 1989,1-0}) 12... Nxd4 {Prodhomme-Pierre, FRA ch tm
Pays de Loire 2002,0-1}) 10... Bxf3 11. gxf3 dxe5 12. dxe5 (12. fxe5 Nc6 $1 {
Komodo10} (12... Nh5 13. Be3 c5 {breaks the centre})) 12... Nd5 (12... Nh5 {
Rudy} 13. h4 {Komodo10} Nc6 14. Be4 Qe7 15. Qc2 Nb4 16. Qc4 Rad8 17. Bd2 Bf2+
18. Kxf2 Rxd2 $17) (12... Nc6 $1 {Komodo10} 13. exf6 $2 Qd4 14. Qb3 Rad8 15.
Bd2 Qf2+ 16. Kd1 Rxe2 17. Bxe2 Be3 $19) 13. Be4 (13. h4 Nb4 14. Be4 Qxd1+ 15.
Kxd1 Rd8+ 16. Ke1 Nd3+ 17. Kf1 Nc6 18. Kg2 Nf2 19. Rf1 Nxe4 20. fxe4 Rd3 $15 {
Komodo10}) 13... Qh4+ $19 14. Ng3 c6 (14... Nxf4 {can be played as well} 15.
Bxf4 (15. Qa4 Nd3+ 16. Kd2 Na6 $19) 15... Qxf4 16. Bxb7 Qxe5+ 17. Kf1 Nc6 18.
Bxc6 (18. Bxa8 Qxb2 19. Ne2 Rxa8 $19) 18... Qc5 19. Kg2 Qxc6 $19 {Komodo10})
15. Bxd5 (15. Qa4 {considered& rejected because of} Ne3 (15... Na6 16. Bd2 Ne3
$19 {pm analysis}) (15... Nd7 {Komodo10} 16. Bxd5 Nxe5 $1 $19 {Komodo10}) 16.
Qb3 (16. Bxe3 Bxe3 {loses both centre pawns}) 16... Ng2+ 17. Kf1 Qh3) 15...
cxd5 16. Qxd5 {to hold up f6} (16. Qd3 Nc6 17. Bd2 Rac8 $19) 16... Nc6 17. Bd2
Rad8 (17... Rac8 {also, considered by both}) 18. Qe4 Rd4 (18... Bf2+) 19. Qe2 (
19. Qf5 {Martin} g6 20. Qg5 (20. Qg4 Nxe5 21. Qxh4 Nxf3+ 22. Kf1 {pm analysis}
Rxd2 (22... Nxh4 $19) 23. Ne4 Rxe4 24. Qg3 Rxf4 $19 {Komodo10})) 19... Rxd2 (
19... Rxf4 20. O-O-O (20. Bxf4 Qxf4 21. Kf1 Rxe5 22. Qd1 Qe3 23. Kg2 Qf2+ 24.
Kh3 Re6 25. Nf5 Rg6) 20... Nd4 21. Qd3 Rxf3 22. Qe4 Qxe4 23. Nxe4 Rxe5 $19) 20.
Qxd2 (20. Kxd2 Qxf4+ 21. Kd1 (21. Kc2 Nd4+) (21. Kc3 Ba5+ 22. Kb3 Nd4+) 21...
Rd8+ 22. Ke1 Nd4 23. Qe4 Nxf3+ 24. Kf1 Rd2 25. Qxf4 Rf2#) 0-1

[Event "Dyfed Open"]
[Site "Fishguard"]
[Date "2017.02.26"]
[Round "4"]
[White "Bevan, Peter M"]
[Black "Horrell, Stephen A"]
[Result "1/2-1/2"]
[WhiteElo "1917"]
[BlackElo "1461"]
[Annotator "Rudy"]
[PlyCount "118"]
[EventDate "2017.02.24"]
[EventType "swiss"]
[EventRounds "5"]
[EventCountry "WLS"]

1. c4 e5 2. g3 Nc6 3. Nc3 d6 4. Bg2 g6 5. d3 Bg7 6. Nf3 Nge7 7. O-O O-O 8. Rb1
f5 (8... a5) 9. Ne1 (9. Bd2 {main}) 9... Be6 10. Nd5 Qd7 (10... h6 11. b4 Qd7
12. b5 Nd8 13. f4 Nc8 14. a4 c6 15. Nb4 Ne7 {2-1/2}) 11. b4 Nd8 12. b5 {
Komodo10} (12. f4 Kh8 13. b5 Ng8 14. a4 c6 15. Nb4 e4 16. dxe4 fxe4 17. Bxe4
Bxc4 18. bxc6 bxc6 19. Bb2 {Keene-Pedersen, Havana ol 1966, 1-0}) 12... Nxd5 (
12... c6 $11) (12... f4 $11) 13. cxd5 Bf7 14. Nc2 c6 15. bxc6 bxc6 16. Nb4 cxd5
17. Nxd5 Rc8 $11 18. Bg5 (18. Ba3) 18... Kh8 19. Qd2 (19. Nf6) 19... Ne6 20.
Bf6 Nc7 (20... Nd4) (20... Nc5) 21. Bxg7+ Kxg7 22. Rb7 $16 Qd8 23. Qa5 (23. Nb4
Ne6 24. Nc6 Qf6 25. Rxa7 $16) 23... Ne6 (23... Nxd5 24. Qxd8 Rcxd8 25. Bxd5 Kf6
26. Bf3 Bxa2 27. Rxh7 Rf7 $11 {Komodo10}) 24. Qxd8 Rfxd8 25. Rxa7 Ra8 26. Rxa8
Rxa8 27. Nc3 Ra3 28. Nb5 (28. Rc1 Nd4 $11) 28... Rxa2 29. Nxd6 Ra6 (29... Rxe2
$11) 30. Nxf7 Kxf7 31. Bd5 $16 Ke7 32. Rb1 Ra7 33. Rb6 Nf8 34. Rb7+ (34. Kg2
$16) 34... Rxb7 35. Bxb7 $16 Kd6 36. Ba6 (36. Kf1 $16) 36... g5 37. e3 h6 38.
Kg2 (38. Kf1) 38... Ng6 39. Bb5 Ne7 40. h3 Ng6 41. Be8 Ne7 42. Kf3 Ke6 43. g4 {
another pawn on White; the Wh K really needs to be on the Q side to make a
difference} f4 (43... fxg4+ 44. hxg4 Nd5) 44. Ke2 Ng8 45. Kd2 Nf6 46. Bg6 Kd5
47. Kc3 Kd6 48. Bf7 (48. d4 $16) 48... Kc5 49. d4+ Kd6 50. Kd3 fxe3 51. fxe3
exd4 52. Kxd4 Nd7 53. Ke4 Ke7 54. Bc4 Kf6 {(draw?)} 55. Kd5 Ne5 56. Be2 Nf7 57.
Bb5 Ne5 58. Be8 Nf3 59. e4 Ne5 1/2-1/2

[Event "Dyfed Open"]
[Site "Fishguard"]
[Date "2017.02.26"]
[Round "4"]
[White "Greatorex, Roger"]
[Black "Francis, Matthew"]
[Result "0-1"]
[WhiteElo "1820"]
[BlackElo "1634"]
[Annotator "Rudy"]
[PlyCount "112"]
[EventDate "2017.02.24"]
[EventType "swiss"]
[EventRounds "5"]
[EventCountry "WLS"]

1. d4 e6 2. Nf3 d5 3. Bg5 Nf6 (3... Be7) 4. e3 Be7 5. Bd3 h6 6. Bf4 (6. Bh4)
6... c5 7. c3 Nc6 8. Nbd2 O-O 9. Ne5 Nxe5 10. dxe5 Nd7 11. Qh5 Bg5 12. h4 Bxf4
13. exf4 f5 14. g4 {trying to barge through, but virtually forcing a Q exchange
} (14. Rh3 Qe8 15. Qe2 Rf7 16. g4 Nf8 {Deak-Skaikova, SVK ch tm 2002,0-1}) (14.
Qe2 {Rudy & Julie} Nb6 15. O-O-O {and then returning to the K side offers Wh
better prospects than any chances Bl might have on the Q side.}) 14... Qe8 (
14... fxg4 {is possible} 15. Qxg4 (15. Qg6 Rxf4 16. Qh7+ Kf8 17. Qh8+ Ke7 18.
Qxg7+ Rf7 19. Qxh6 Qg8 20. O-O-O Nxe5 $11) 15... Rf7 16. Rg1 Kh8 17. O-O-O $16)
15. Qxe8 Rxe8 16. gxf5 (16. g5 {keeps the pawn structure together,but probably
only equal} hxg5 (16... h5 17. g6 {gives Bl longer term problems with the lack
of defence of h5}) 17. hxg5 Nf8 18. Be2 Bd7 $11) 16... exf5 17. Bxf5 $2 {the
real culprit, snatching a pawn ( for the moment)} (17. O-O-O {Rudy; leaves Wh
with several positional advantages- a protected passed pawn & better
development; plus play gainst a baddish B. the f pawn is weak but can be taken
care of} Nf8 18. h5 Ne6 19. Rh4 Rf8 20. Rg1 $14) (17. Rg1 {Julie} Nf8 18. Ke2
Ne6 19. Kf3 Rf8 20. Nf1 b6 21. Rg6 $14) (17. Nf1 {Komodo10, targets the f5 pawn
} Nf8 18. Ne3 Ng6 19. Nxd5 Nxe5 20. fxe5 Rxe5+ 21. Kf1 Rxd5 22. Bc4 Be6 23.
Bxd5 Bxd5 24. Rg1 $16) 17... Nxe5 18. Bxc8 Nd3+ 19. Kf1 Raxc8 $19 {Wh's K side
pawns are shattered} 20. h5 (20. Nf3 Nxf4 21. Rb1 Re7 22. Ne1 d4 {
Pokotilo-Diak, Stepichev mem Kiev 2004,0-1}) 20... Rf8 $1 21. Rh4 Rxf4 (21...
Rf5 22. b3 Rcf8 {Komodo10}) 22. Rxf4 Nxf4 23. Nf3 Nxh5 24. Rd1 Nf4 25. Nh4 Re8
(25... Rd8) 26. Rd2 Re5 27. Ng2 Nxg2 28. Kxg2 Kf7 29. f4 Rf5 30. Kg3 Ke6 (30...
d4 31. cxd4 Rd5) 31. Re2+ Kd6 32. Rd2 g5 (32... h5) 33. fxg5 Rxg5+ 34. Kf4 Re5
35. Rg2 d4 36. c4 Rg5 37. Re2 Rg8 (37... Rh5 38. Rg2 Re5 39. Rg8 (39. Rh2 h5
40. Rg2 h4 41. Rh2 Rh5 42. Rh3 Ke6) 39... Re6 40. Rg7 Kc6 41. Rg3 Re2 $19 {
Komodo10}) 38. Rh2 Rh8 {the R is actually less active here than on the 3rd} (
38... h5 39. Rxh5 Rg2 {Komodo10}) 39. Rh5 a6 40. a4 Rf8+ (40... b6 $19 {
Komodo10}) 41. Ke4 Re8+ 42. Kd3 Re6 43. a5 $17 Kc6 44. Kd2 b6 45. axb6 Kxb6 46.
Kd3 Rc6 (46... a5 47. b3 (47. Kd2 a4 $19) 47... Re3+ 48. Kc2 Rc3+ 49. Kd2 (49.
Kb2 a4 50. bxa4 Rxc4 $19) 49... a4 $1 (49... Rxb3 50. Rxh6+ Kb7 (50... Kc7 {is
a longer journey}) 51. Rh5 a4 52. Rxc5 a3 53. Ra5 Kb6 54. Ra8 Rh3 $19) 50.
Rxh6+ Ka5 51. bxa4 Rxc4 $19 {Komodo10}) 47. Ke4 (47. Kc2 Rg6 $19 (47... Ka5 48.
Kb3 d3 49. Rd5 d2 50. Rxd2 h5 51. Rh2 Rb6+ 52. Kc3 Rh6 53. Rh4 $15) 48. b3 a5
$19 {as above}) 47... Rg6 (47... Ka5 48. Kd5 Rc8 49. Rxh6 Ka4 (49... Kb4 50.
Rb6+ Ka5 51. Re6 d3 $19) 50. Rxa6+ Kb3 51. Ke4 {steers the d pawn through} (51.
Rb6+ Kc2 {steers the d pawn through}) 51... Kxc4 $19) 48. Kd3 Re6 49. Kd2 Rc6
50. Kd3 (50. Kc2 a5 {as above}) 50... Ka5 51. Rd5 Kb4 52. Rd8 Rb6 53. Rd5 Rg6
54. Rh5 Rg3+ (54... a5 {also}) 55. Kd2 Kxc4 (55... Rg2+ $1 56. Kc1 (56. Kd3
Rxb2) 56... d3 57. Rh3 Kxc4 {apparently even stronger; Komodo10; most humans
would choose the text}) 56. Rxh6 Rg2+ 0-1

[Event "Dyfed Open"]
[Site "Fishguard"]
[Date "2017.02.26"]
[Round "4"]
[White "Ehsander, Peter"]
[Black "Stuart, Neil"]
[Result "1-0"]
[WhiteElo "1928"]
[BlackElo "1783"]
[Annotator "Rudy"]
[PlyCount "93"]
[EventDate "2017.02.24"]
[EventType "swiss"]
[EventRounds "5"]
[EventCountry "WLS"]

1. e4 c5 2. Nf3 e6 3. d4 cxd4 4. Nxd4 Nf6 5. Nc3 d6 6. Bg5 (6. Be2) (6. g4) (6.
Be3) 6... Be7 7. Qd2 Nc6 8. O-O-O a6 9. f4 Qc7 10. Be2 Bd7 11. Rhe1 (11. Bf3) (
11. Nb3) 11... h6 12. Bh4 (12. Bxf6 Bxf6 13. Nb3 (13. Nxc6 Bxc6 14. Qxd6 Qxd6
15. Rxd6 Bxc3 16. bxc3 Bxe4 {Dunne-Falcon, Luzern ol 1982,1/2-1/2}) 13... Be7
14. Bh5 g6 15. Bf3 O-O-O {Pustovoitova-Zsiltzova Lisenko, IBCA Wld ch blind 
(women); Belgrade 2013,0-1}) 12... Nxe4 {Komodo10} (12... g5 13. fxg5 Nh7 14.
Nxc6 bxc6 15. Qd4 e5 16. Qc4 Be6 17. Qa4 Qd7 18. Kb1 hxg5 19. Bg3 $16 {
From-Sorensen, Copenhagen op 1979,0-1}) (12... Rc8 13. Bf3 Nxe4 14. Rxe4 Bxh4
15. Nf5 Bf6 (15... Be7 $11) 16. Nd5 $18 {Pham-ly, Vie ch U15 Hue, 2003,1-0})
13. Nxe4 Bxh4 $15 14. g3 Be7 (14... d5 15. gxh4 dxe4 16. Qe3 O-O-O 17. Qxe4
Nxd4 18. Qxd4 Bb5 $15 {Komodo10}) 15. Nxc6 Bxc6 16. Nxd6+ Bxd6 17. Qxd6 Qxd6
18. Rxd6 Rd8 19. Rxd8+ Kxd8 $11 20. c4 (20. Kd2 {Fritz13 & Komodo10}) 20... Ke7
21. Rd1 Rd8 22. Rxd8 Kxd8 23. Kc2 Kd7 24. Kc3 Kd6 25. Kd4 b6 26. b4 f6 $2 (
26... a5 27. a3 f6 $11 {Komodo10}) 27. c5+ $16 Kc7 28. Bxa6 b5 29. g4 (29. a3
$1 g5 30. fxg5 e5+ 31. Kc3 fxg5 (31... hxg5 32. h4 $18) 32. a4 bxa4 33. Bc4 Bf3
34. b5 $16 {Komodo10}) 29... Kd7 (29... g5 $11 {Komodo10} 30. fxg5 hxg5 31. Kc3
f5 32. a4 bxa4 33. gxf5 exf5 34. Bc4 f4 35. b5 Bf3 36. Kb4 g4 37. Kxa4 g3 38.
hxg3 fxg3 39. Bf1 g2 40. Bxg2 Bxg2 $11) 30. h4 Kc7 (30... g5 31. hxg5 hxg5 32.
fxg5 e5+ 33. Ke3 fxg5 $11 {Komodo10}) 31. g5 $16 Kd7 32. gxh6 gxh6 33. Kc3 e5
34. fxe5 fxe5 35. a4 (35. Kd3 e4+ 36. Ke3 $14 Kc7 {Bl looks like holding})
35... bxa4 36. Bc4 Be4 (36... Bf3) 37. b5 Kc7 (37... Bf3 38. Kb4 e4 39. Bd5 Bg2
$11 40. Kxa4 e3 41. Bc4 Bf3 $11 {Komodo10}) 38. Kb4 $18 Bc2 39. Bd5 e4 40. Kc3
(40. b6+ Kb8 41. c6 {mating soon; Komodo10}) 40... Bd3 41. b6+ Kb8 42. c6 Ba6
43. Bxe4 (43. c7+ Kc8 44. Be6+ Kb7 45. c8=Q+) 43... Kc8 44. Kb4 a3 45. Kxa3 Kd8
46. Kb4 Ke7 47. b7 1-0

[Event "Dyfed Open"]
[Site "Fishguard"]
[Date "2017.02.26"]
[Round "4"]
[White "Bridges, Paul"]
[Black "Haigh, Tony"]
[Result "1/2-1/2"]
[WhiteElo "1781"]
[BlackElo "1816"]
[Annotator "Rudy"]
[PlyCount "65"]
[EventDate "2017.02.24"]
[EventType "swiss"]
[EventRounds "5"]
[EventCountry "WLS"]

1. e4 Nf6 2. Nc3 d5 3. exd5 Nxd5 4. Bc4 Nb6 5. Bb3 Nc6 6. Nf3 Bf5 7. O-O e6 8.
d3 (8. d4) 8... Be7 9. h3 (9. Bf4) (9. Re1) 9... Na5 (9... O-O) 10. Qe2 (10.
Ne2 O-O 11. Bd2 Nxb3 12. axb3 c5 {Bilawer-Merker, Oberliga Ost 1996,0-1}) (10.
Bf4 Nxb3 11. axb3 O-O 12. Qd2 {Glick-Sheldrick, AUS op Sun Coast 1999,0-1})
10... Nxb3 11. axb3 O-O 12. Bf4 a6 $11 13. Rfe1 Rc8 14. Rad1 Nd5 15. Nxd5 Qxd5
16. Be5 c5 17. Nd2 Qd8 18. Qf3 b5 19. Ra1 Ra8 (19... Qb6) 20. Qb7 $14 Bd6 21.
Rxa6 (21. Qc6 Bxe5 22. Rxe5 Qd4 23. Rxc5 Qxb2 24. Rb1 Qa2 25. Rd1 h6 26. Nf3
$14 {Komodo10}) 21... Rxa6 22. Qxa6 Bxe5 23. Rxe5 Qd4 24. Re1 (24. Nf3 Qxb2 25.
g4 (25. Rxc5 Qc1+ 26. Kh2 Qf4+ $11) 25... Bg6 26. Rxc5 Qc1+ 27. Kg2 Bxd3 28.
Rc8 Bf1+ 29. Kg3 g5 30. Rxf8+ Kxf8 31. Qd6+ Kg7 32. Nd2 h6 $11 {Komodo10})
24... Qxb2 25. Qxb5 Qxc2 26. Ne4 Rd8 (26... Bxe4 27. Rxe4 Rd8 28. Rc4 Qxd3 29.
Rxc5 $11 {Komodo10}) 27. Nxc5 Bxd3 28. Nxd3 Qxd3 29. Qxd3 Rxd3 30. Rb1 Kf8 $11
31. Rb2 Rd5 32. Kf1 Ke7 33. Ke2 1/2-1/2

[Event "Dyfed Open"]
[Site "Fishguard"]
[Date "2017.02.26"]
[Round "4"]
[White "Buttell, David"]
[Black "Whale, Michael"]
[Result "1-0"]
[WhiteElo "1748"]
[BlackElo "1788"]
[Annotator "Rudy"]
[PlyCount "39"]
[EventDate "2017.02.24"]
[EventType "swiss"]
[EventRounds "5"]
[EventCountry "WLS"]

1. d4 f5 2. g3 Nf6 3. b3 d5 4. Bg2 e6 5. Bb2 Be7 (5... Bd6 {R
Williams-Fathallah,S Wales Int Caerleon, 2006,1-0}) 6. Nf3 O-O 7. O-O Bd7 (7...
c6 8. Nbd2 (8. c4)) 8. Ne5 $146 (8. Nbd2) (8. c4) 8... Be8 9. Nd2 Nbd7 10. Ndf3
c6 11. Ng5 $14 Bf7 (11... Qc8 12. Nd3 Nb8 13. Rc1 h6 14. Nf3 Nbd7 15. c4 $14 {
Komodo10}) 12. Nexf7 Rxf7 13. Nxf7 $18 Kxf7 14. c4 h5 15. cxd5 exd5 16. f3 Kg8
17. Qd3 g6 18. e4 dxe4 19. fxe4 Nc5 20. Qc4+ 1-0

[Event "Dyfed Open"]
[Site "Fishguard"]
[Date "2017.02.26"]
[Round "4"]
[White "Orton, Paul"]
[Black "Thomas, Roy"]
[Result "0-1"]
[WhiteElo "1617"]
[BlackElo "1718"]
[Annotator "Rudy"]
[PlyCount "92"]
[EventDate "2017.02.24"]
[EventType "swiss"]
[EventRounds "5"]
[EventCountry "WLS"]

1. e4 c5 2. Nf3 Nc6 3. d4 cxd4 4. Nxd4 e5 5. Nf3 (5. Nb5 {main}) 5... Be7 (5...
Nf6 6. Nc3 Bb4 {main}) 6. Bb5 (6. Nc3) (6. Bc4) 6... Nf6 (6... d6) (6... Qa5+
7. Nc3 {also played}) 7. Nc3 d6 8. h3 O-O 9. O-O Qc7 (9... a6 {main}) 10. a3 a6
11. Bc4 b5 (11... Nd4) 12. Nd5 Nxd5 13. Bxd5 Bb7 (13... Be6) 14. Be3 Rac8 15.
Rc1 Na5 $11 16. Bxb7 (16. b3) 16... Qxb7 17. Qd3 Nc4 $17 (17... f5 $17) 18. Rb1
Nxe3 (18... f5 {Fritz13 & Komodo10}) 19. fxe3 Rc4 (19... Rfd8 $15) 20. Nd2 $11
Rc7 21. Nf3 (21. c3) 21... Rfc8 22. Rf2 (22. c3 a5 $15) 22... Rc4 $17 23. Re2
Qxe4 24. Qxe4 Rxe4 25. Rd1 Rec4 26. c3 f5 27. Nd2 R4c6 28. e4 f4 (28... g6) 29.
Nf3 Kf7 30. Red2 Ke6 31. g3 g5 (31... fxg3 32. Rg2 g6) 32. gxf4 gxf4 33. Rg2
Kf7 34. Kf2 Rg8 35. Rxg8 Kxg8 36. Rg1+ Kf7 37. Rd1 Rc8 38. h4 Rg8 $19 39. h5
Ke6 40. Re1 Rg4 (40... Bd8) 41. Rh1 d5 42. exd5+ Kxd5 43. Rd1+ Ke6 44. b4 Bf6
45. Re1 Bh4+ (45... Rg3) 46. Nxh4 Rxh4 0-1

[Event "Dyfed Open"]
[Site "Fishguard"]
[Date "2017.02.26"]
[Round "4"]
[White "Probert, Malcolm"]
[Black "Jones, Huw"]
[Result "1/2-1/2"]
[WhiteElo "1598"]
[BlackElo "1707"]
[Annotator "Rudy"]
[PlyCount "31"]
[EventDate "2017.02.24"]
[EventType "swiss"]
[EventRounds "5"]
[EventCountry "WLS"]

1. Nf3 d5 2. g3 Nf6 3. Bg2 e6 4. O-O c6 5. d4 Be7 6. c4 dxc4 (6... O-O) 7. Ne5
O-O 8. Nxc4 Nbd7 9. Nc3 Nb6 10. Ne5 Nbd5 {(draw?)} 11. e4 Nxc3 12. bxc3 Qa5 13.
Qc2 Rd8 (13... Nd7 14. Nc4 Qb5 15. Ne3 Qa5 16. Rd1 {Lorem-Gaarder, NOR ch
class3 Lillehammer 21013,1-0}) 14. Rd1 Bd7 15. Rb1 Qc7 (15... b5 16. Bg5 Rac8
17. c4 Be8 {Kravtchenko-Grabow, EU Seniors ch; Yerevan 2016,1/2-1/2}) 16. Bf4
$16 1/2-1/2

[Event "Dyfed Open"]
[Site "Fishguard"]
[Date "2017.02.26"]
[Round "4"]
[White "Jansen van Rensburg, Leon"]
[Black "Jones, Dewi"]
[Result "1-0"]
[WhiteElo "1700"]
[BlackElo "1534"]
[Annotator "Rudy"]
[PlyCount "104"]
[EventDate "2017.02.24"]
[EventType "swiss"]
[EventRounds "5"]
[EventCountry "WLS"]

1. e4 d5 2. exd5 Qxd5 3. Nc3 Qa5 4. Bc4 Bf5 5. d3 c6 6. Bd2 Qc7 7. Qf3 (7. Qe2)
7... e6 8. O-O-O (8. Nge2 {played}) 8... Nf6 9. h3 Nbd7 10. g4 (10. Re1 O-O-O
11. Bf4 (11. Qe2 Nb6 12. Bb3 Kb8 13. Nf3 Nfd5 14. Nxd5 Nxd5 15. Bxd5 Rxd5 16.
Nh4 Bg6 17. Nxg6 hxg6 18. g4 {Capellades Subirana-Costa Trave, Barcelona
Tupinamba op 2011,1-0}) 11... Bd6 12. Bxd6 Qxd6 13. Qe3 Qc5 14. Qg3 Rhg8 15.
Nf3 {Kokeny-Toth,HUN ch tm 2011,1-0}) 10... Bg6 11. g5 Bh5 12. Qe3 (12. Qg2 Nd5
13. Re1 Nf4 14. Bxf4 Qxf4+ 15. Kb1 Be7 16. h4 O-O-O $11 {Komodo10}) 12... Bxd1
13. gxf6 Nxf6 (13... Bh5 $17 14. fxg7 Bxg7) 14. Kxd1 $16 Qb6 15. Qxb6 axb6 16.
f4 Nd5 17. Nf3 Bd6 18. Nxd5 exd5 19. Re1+ Kd7 20. Bb3 f6 21. c4 {breaking open
the position for the pieces} Rhe8 (21... dxc4 22. Bxc4 b5 23. Be6+ Kc7 24. f5
$16 {Komodo10}) 22. Rxe8 (22. Rg1) 22... Rxe8 23. cxd5 Re7 24. dxc6+ bxc6 25.
f5 Be5 (25... c5) 26. Nxe5+ $18 {2 Bs usually outrun a single R} Rxe5 27. Be6+
Ke7 28. d4 (28. Bf4 $18 {keeps the R hemmed in}) 28... Re4 $16 29. d5 cxd5 30.
Bxd5 Rh4 31. Bg2 Kd7 32. Ke2 Rh5 {(draw?)} 33. a4 Rxf5 34. b4 {the distant
passed pawn will be difficult to stop, propelled forward by the power of 2 Bs}
Re5+ 35. Kf2 Re8 36. a5 bxa5 37. bxa5 Kc8 (37... Rb8 38. Ke3 Rb3+ 39. Kd4 Rb2
40. Kd3 Ra2 41. Be4 g6 42. Bb4 Kc7 43. Kc4 Ra1 44. Kb5 f5 45. Bc3 Ra3 46. Be5+
Kd7 47. Bc6+ Ke6 48. Bd4 Rxh3 49. a6 Ra3 50. a7 Rxa7 51. Bxa7 $18 {the Bl
pawns will not get far , as the WhK is near enough to help the Bs blockade &
then win them; before proceding with a mating sequence.}) 38. a6 $18 Kb8 39.
Be3 Re7 40. Bc5 Ra7 (40... Rd7 {Bl should at least gurantee the removal of the
a pawn; though Wh can always let go of it when it suits him}) 41. Bxa7+ Kxa7
42. Bb7 g6 43. Kf3 Kb8 44. h4 h5 {(draw?)} (44... Ka7 45. Ke4 Kb6 46. Kd4 Ka7
47. Kd5 h5 48. Kc5 g5 49. hxg5 fxg5 50. Kb5 g4 51. Be4 h4 52. Bf5 g3 53. Bh3 {
and Bl runs out of moves}) 45. Kf4 (45. Be4 g5 46. Bd3 Ka7 47. Be2 Kb6 (47...
g4+ 48. Kf4 f5 49. Bc4 Kb6 50. Bf7 Kxa6 51. Bxh5 Kb6 52. Bg6 Kc7 53. h5 Kd8 54.
h6 Ke7 55. h7 {& the Bl K never gets to the pawn}) 48. Kg3 Ka7 49. Kh3 $1 Kb6
50. Bxh5 $1 gxh4 (50... Kxa6 51. Be2+ Kb6 52. h5) 51. Be2 Ka7 52. Kxh4 {and
the Wh K gets to the Q side at last}) 45... g5+ {makes life easy for Wh} (45...
Ka7 46. Kg3 g5 {holds the draw, as the Wh B can't get to the h5 pawn now}) 46.
hxg5 fxg5+ 47. Kxg5 h4 48. Kxh4 Ka7 49. Kg5 Kb8 50. Kf6 Ka7 51. Ke7 Kb8 52. Kd8
Ka7 (52... Ka7 53. Kd7 Kb6 54. Kd6 Ka7 55. Kc5 Kb8 56. Bc6 Ka7 57. Bb5 Kb8 58.
Kb6 {& the pawn goes through}) 1-0

[Event "Dyfed Open"]
[Site "Fishguard"]
[Date "2017.02.26"]
[Round "4"]
[White "Cooke, Mark"]
[Black "Di-Vetta, Andrew"]
[Result "0-1"]
[WhiteElo "1644"]
[BlackElo "1604"]
[Annotator "Rudy"]
[PlyCount "52"]
[EventDate "2017.02.24"]
[EventType "swiss"]
[EventRounds "5"]
[EventCountry "WLS"]

1. e4 c5 2. f4 Nc6 3. Nf3 g6 4. Nc3 Bg7 5. Bc4 a6 6. Ng5 {a premature attack;
Bl responds with moves he would have played anyway, with gain in time. However
the move does contain some venom, so Bl must be careful.} (6. a4) (6. d3) (6.
a3 {main lines}) 6... e6 7. a3 (7. a4 d6 8. d3 Nge7 9. O-O O-O (9... d5 10. Ba2
h6 11. Nf3 O-O 12. e5 $15 {Burg-Kohlei, SVR ch Trier 2016,0-1}) 10. h4 d5 11.
Bb3 Nd4 12. Ba2 dxe4 13. dxe4 Nec6 $17 {Lakatos-Mate, HUN ch tm 2015,1-0}) 7...
b5 8. Ba2 Nd4 (8... Bb7 9. d3 d6 (9... h6 10. Nf3 Nge7 $15) 10. O-O (10. f5
gxf5 11. Qh5 $16 {Komodo10}) 10... Nf6 11. Qe1 Nd4 12. Qd1 (12. f5 h6 13. Nxf7
Kxf7 14. fxe6+ Ke7 $11) 12... O-O $15 {Laux-Walda, Bayern ch Bank Hofmann, Bad
Wiessee 1998,0-1}) (8... h6 9. Nf3 d6 (9... Nge7 $15) 10. O-O Nf6 11. d3 O-O
12. Ne2 Bb7 (12... Qc7 13. Ng3 Ne7 14. c3 Bb7 15. f5 exf5 16. exf5 Bxf3 (16...
Kh8 $15) 17. Qxf3 $14 {Froehlich-Baertel, GER ch Seniors, Halle 2011,1-0}) 13.
h3 $11 {Asparuhov-Manolov, Kesarovski Georgiev mem , Sunny Beach 2007,1-0}) 9.
Ne2 Bb7 (9... h6 10. Nh3 d5 $15 {Komodo10}) 10. d3 (10. Nxd4 Bxd4 11. c3 Bg7
12. d3 d5 13. f5 $11 {Komodo10}) 10... h6 11. Nxd4 hxg5 12. Nf3 g4 $17 (12...
gxf4 13. Bxf4 Bxb2 14. O-O Qf6 $17 {Komodo10}) 13. Ne5 (13. Nd2 Qh4+ 14. g3 Qh3
15. Qe2 f5 $17 {Komodo10}) 13... Qh4+ $19 14. g3 (14. Ke2 d6 {traps the N})
14... Qxg3+ $1 15. hxg3 Rxh1+ 16. Ke2 Rxd1 17. Kxd1 Bxe5 (17... Nf6 18. a4 d6
$19 {traps the N}) 18. fxe5 $11 Ne7 19. Ke2 Nc6 20. Bf4 O-O-O (20... Nd4+ 21.
Kf2 Nf3 22. Rh1 c4 $15) 21. c3 (21. Rh1 $11) 21... Rh8 $17 22. Rf1 Rh5 23. Ke3
$2 g5 $19 24. d4 cxd4+ 25. cxd4 gxf4+ 26. gxf4 Rh3+ {Wh's centre falls apart
as well} 0-1